LDR 01022naa#a2200181#i#450# 001 RU\FGKOU VO SPBU MVD ROSSII\bibl\109657 005 20260429064057.3 011 ## _a2713-0622 100 ## _a20260428b2026####ek#y0rusy0150####ca 102 ## _aRU 200 1# _aБесконтактный сбыт наркотических средств с участием мигрантов: криминологический анализ _eЖурнальная статья 210 1# _aСанкт-Петербург _cСАНКТ-ПЕТЕРБУРГСКИЙ УНИВЕРСИТЕТ МИНИСТЕРСТВА ВНУТРЕННИХ ДЕЛ РОССИЙСКОЙ ФЕДЕРАЦИИ _d2026 215 ## _a12 с. 608 ## _aЖурнальная статья _2local 675 ## _aЗапрещенное употребление и обращение с наркотиками. 343.575 _z 700 #1 _aСенцов _gВячеслав Владимирович 700 #1 _aКолесников _gРоман Викторович 856 4# _arussianjournaldeviantbehavior.ru _u